000 00314nam a2200133Ia 4500
005 20260326235502.0
008 260326s9999||||xx |||||||||||||| ||und||
100 _aFleck, Brigitte
245 0 _aAlvaro Siza /
_cBrigitte Fleck
260 _bE. & F.N. Spon
300 _a137 p.
650 _aARQUITECTOS
942 _cBK
999 _c8082
_d8082